• 首页
  • 本馆介绍
  • 公告通知
  • 最新文献
  • 馆藏检索
  • 电子资源
  • 读者导购
  • 参考咨询
  • 我的图书馆
  • 登录
  • 详细信息显示
  • 放入我的书架
  • 预约/预借图书
  • 作者相关作品
  • 分类相关作品
  • 丛书相关作品
  • 出版社相关作品

书目信息

  • 表格格式
  • 工作单格式
  • 卡片格式
题名:
史记选
    
 
作者: 司马迁 著 ;偬仕 编
分册:  
出版信息: 北京   中国文学出版社  1999
页数: 258页
开本: 20cm
丛书名: 大学生读书计划
单 册:
中图分类: H319.4:K204.2 , H319.4
科图分类:
主题词:
电子资源:
ISBN: 7-5071-0532-6
000 01007oam2 2200289 450
001 1555814034
005 20150128153044.65
010    @a7-5071-0532-6@dCNY11.90
100    @a20000110d1999 em y0chiy0110 ea
101 2  @achi@aeng
102    @aCN@b110000
105    @ay z 000zd
200 1  @a史记选@9shi ji xuan@f[西汉]司马迁著@g偬仕编
210    @a北京@c中国文学出版社@c外语教学与研究出版社@d1999
215    @a258页@d20cm
225 2  @a大学生读书计划@e英汉对照@e中国文学宝库@i古代文学系列@dUniversity reader@eEnglish-Chinese@eGems of Chinese literature@iClassical@zeng
461  0 @12001 @a大学生读书计划
462  0 @12001 @a古代文学系列@aClassical
510 1  @aSelections from Records of the Historian@zeng
605    @a史记@x对照读物@x英、中
605    @2CT@3S903749@a史记
690    @aH319.4:K204.2@v5
690    @aH319.4@v4
701  0 @c(汉)@a司马迁@9si ma qian@f(前145/前135~前87?)@4著
702  0 @a偬仕@9zong shi@4编
801  0 @aCN@bTSSF@c20150128
905    @aZUCC@dH319.4@eJY241
    
    史记选/[西汉]司马迁著/偬仕编.-北京:中国文学出版社:外语教学与研究出版社,1999
    258页;20cm.-(大学生读书计划:英汉对照:中国文学宝库.古代文学系列=University reader:English-Chinese:Gems of Chinese literature.Classical)
    
    
    ISBN 7-5071-0532-6:CNY11.90
    
●
相关链接 在E读中查询图书 在五车中查询图书 在当当中查询图书 在豆瓣中查询图书


正题名:史记选     索取号:H319.4/JY241         预约/预借

序号 登录号 条形码 馆藏地/架位号 状态 备注
1 7837345   278373458   学院路分馆/ [索取号:H319.4/JY241] 在馆    
2 7837346   278373467   学院路分馆/ [索取号:H319.4/JY241] 在馆    
3 7837347   278373476   学院路分馆/ [索取号:H319.4/JY241] 在馆    
4 7837348   278373485   学院路分馆/ [索取号:H319.4/JY241] 在馆    
唐山师范学院图书馆 欢迎您!
大连网信软件有限公司© 版权所有